000 00568nam a2200193 i 4500
001 bg
100 1 _aLEŚNIEWSKI, Marcin
245 1 0 _aProjektowanie układów optycznych /
_cMarcin Leśniewski.
260 _aWarszawa :
_bWydaw. Politechniki Warszawskiej,
_c1990.
300 _a298 s. :
_brys. ;
_c24 cm.
504 _aWykaz norm s.279-286. Indeks.
650 9 _aOptyka
_xurządzenia
_xprojekty
655 _aPodręczniki akademickie
040 _cBPK
041 0 _apl
080 _a681.7:535](075.8)
942 _cKS
008 s pl f |000 0 pol
999 _c24686
_d24686
856 _uhttp://koha.tu.koszalin.pl/cgi-bin/koha/opac-detail.pl?biblionumber=24686
_yKatalog online BPK